000 00927nam a22003490a 4500
001 PT29522
003 AR-LpoUNG
005 20260115114800.0
008 191001s2007||||ag |||||||||||||||||spa d
020 _a978987574168X
_c$21.48
040 _aAR-LpoUNG
_bspa
_cAR-LpoUNG
_eaacr
041 _aspa
044 _aag
082 0 _a909 288for
100 1 _aGayol, Sandra
_eed.
245 1 0 _aFormas de historia cultural
250 _a1ra. ed.
260 _aBuenos Aires :
_bPrometeo - Universidad Nacional de General Sarmiento,
_c2007.
300 _a396 p. :
_bil.
650 4 _aAMERICA LATINA
650 4 _aARGENTINA
650 4 _aBIBLIOTECAS
650 4 _aCULTURA
650 4 _aCULTURA POPULAR
650 4 _aGRUPOS POPULARES
650 4 _aHISTORIA
650 4 _aHISTORIA
700 1 _aMadero, Marta
_eed.
710 2 _aUniversidad Nacional de General Sarmiento
905 _a29522
942 _cLSALA
_2ddc
999 _c21153
_d21153